| 000 | 00812nam a22002055i 4500 | ||
|---|---|---|---|
| 001 | 164836 | ||
| 003 | ES-MaACL | ||
| 005 | 20230906213022.0 | ||
| 008 | 950206s1880 sp |||| | spa d | ||
| 100 | 1 |
_aGómez-Díez, José. _9172722 |
|
| 245 | 1 | 0 |
_aCánovas, su pasado, su presente, su porvenir : _bboceto histórico / _cpor Saurín. |
| 260 |
_aMadrid : _b[s.n.], _c1880 ( _fTip. Correspondencia Ilustrada, a cargo de Eduardo Lluch) |
||
| 300 |
_a212 p. ; _c18 cm. |
||
| 530 | _aDisponible en formato digital. | ||
| 594 | _aSaurín: seud. de José Gómez-Díez. | ||
| 600 | 1 | 4 |
_aCánovas del Castillo, Antonio, _d1828-1897- _xBiografías _9172706 |
| 852 |
_aES-MaACL _jD-2445 |
||
| 856 |
_uhttp://bdh-rd.bne.es/viewer.vm?id=0000141063&page=1 _zBiblioteca Digital Hispánica |
||
| 999 |
_c164836 _d164836 |
||